000 00357nam a2200157Ia 4500
003 Ost
005 20260225132542.0
008 260225s9999||||xx |||||||||||||| ||und||
040 _cfsic
041 _afre
082 _a440
100 _aMichel de coster
_eAuteur
245 0 _aLe loisir en 4 dimentions /
245 0 _cMichel de coster
942 _cكتاب
999 _c33598
_d33598